000 00351pab a2200157 454500
008 180718b1995 xxu||||| |||| 00| 0 eng d
100 _aFyfe, Nicholas R.
245 _aPolicing the city
260 _c1995
300 _ap.759-78
362 _aMay
650 _aCommunity policing
650 _aPolice
773 _aUrban Studies
909 _a29289
999 _c29289
_d29289